Introdución a la fisicoquímica: termodinámica
I tiakina i:
| Ngā kaituhi matua: | , |
|---|---|
| Hōputu: | Pukapuka |
| Reo: | Pāniora |
| I whakaputaina: |
Ciudad de México
Perason-Addison Wesley
2007
|
| Putanga: | 1a. ed |
| Ngā marau: | |
| Ngā Tūtohu: |
Tāpirihia he Tūtohu
Kāore He Tūtohu, Me noho koe te mea tuatahi ki te tūtohu i tēnei pūkete!
|
MARC
| LEADER | 00000nam a2200000 a 4500 | ||
|---|---|---|---|
| 001 | UCI5648 | ||
| 003 | CL-VaPUC | ||
| 008 | 080404e20070000MX |||||||||||||||||spa|d | ||
| 020 | |a 9789702608295 | ||
| 082 | 0 | 4 | |a 536.7 |b ENG |2 21 |
| 100 | 0 | |a Engel, Thomas |e author |9 528180 | |
| 700 | 0 | |a Reid, Philip |e author |9 528181 | |
| 245 | 1 | 0 | |a Introdución a la fisicoquímica: termodinámica |
| 250 | |a 1a. ed | ||
| 300 | |a 562 p | ||
| 942 | |c BK | ||
| 945 | |d 20080404 00:00:00 |a rbrito | ||
| 260 | |a Ciudad de México |b Perason-Addison Wesley |c 2007 | ||
| 650 | 0 | |a Termodinámica |9 259320 | |
| 650 | 0 | |a Estadística |9 259535 | |
| 650 | 0 | |a Calor |9 260253 | |
| 650 | 0 | |a Termoquímica |9 337401 | |
| 650 | 0 | |a Entropía |9 262675 | |
| 650 | 0 | |a Cinética |9 260943 | |
| 650 | 0 | |a Gases |9 260945 | |
| 650 | 7 | |a TEMPERATURA |2 CL-VaPUC |9 528182 | |
| 650 | 7 | |a ELECTROLITOS |2 CL-VaPUC |9 360144 | |
| 583 | |a last modification |c 20080404 00:00:00 |k Rodrigo Vera | ||
| 999 | |c 329374 |d 329372 | ||
| 952 | |0 0 |1 0 |4 0 |6 536_700000000000000_ENG_2007 |7 0 |8 A |9 413965 |a BIBALI |b BIBALI |c RES |d 2019-11-22 |i 4422430 |l 3 |o 536.7 ENG 2007 |p 4422430 |r 2025-01-20 |s 2023-03-20 |w 2019-11-22 |y BK_R |k ALI | ||
| 952 | |0 0 |1 0 |4 0 |6 536_700000000000000_ENG_2007 |7 0 |8 A |9 413966 |a BIBING |b BIBING |d 2019-11-22 |i 4744780 |o 536.7 ENG 2007 |p 4744780 |r 2025-01-20 |w 2019-11-22 |y BK |k EIQ | ||